|
|
|
|
| LEADER |
00000nam0a2200000 4500 |
| 001 |
139393 |
| 005 |
20231031141723.0 |
| 035 |
|
|
|a (RuTPU)RU\TPU\book\151001
|
| 090 |
|
|
|a 139393
|
| 100 |
|
|
|a 20080606d1968 m y0rusy50 ca
|
| 101 |
0 |
|
|a rus
|
| 102 |
|
|
|a RU
|
| 105 |
|
|
|a a z 000zy
|
| 200 |
1 |
|
|a Альбом проектов жилых и культурно-бытовых зданий и сооружений
|e для сельского строительства в Молдавской ССР
|f Госстрой МССР
|
| 210 |
|
|
|a Кишинев
|c Молдгипросельстрой
|d 1968
|
| 215 |
|
|
|a 106 с.
|c ил.
|
| 610 |
1 |
|
|a жилые здания
|
| 610 |
1 |
|
|a сооружения
|
| 610 |
1 |
|
|a проекты
|
| 610 |
1 |
|
|a сельское строительство
|
| 610 |
1 |
|
|a альбомы
|
| 675 |
|
|
|a 624.903.3.0012(084)
|v 3
|
| 675 |
|
|
|a 624.903.3.2(084)
|v 3
|
| 712 |
0 |
2 |
|a Госстрой МССР
|2 stltpush
|3 (RuTPU)RU\TPU\col\8790
|
| 801 |
|
1 |
|a RU
|b 63413507
|c 20080606
|g PSBO
|
| 801 |
|
2 |
|a RU
|b 63413507
|c 20090202
|g PSBO
|
| 942 |
|
|
|c BK
|